000
00309nam a22001217a 4500
008
230704b xxu||||| |||| 00| 0 eng d
082
_a
341.754
_b
EAC
110
_b
EAC
245
_a
Protocol on the Establishment of the East African community Customs Union
260
_b
EAC
300
_a
41p
942
_2
ddc
_c
BK
999
_c
3853
_d
3853